Statistics for Countries Closest to Sri Lanka

Click here to take the quiz!

General Stats

  • This quiz has been taken 2,244 times
  • The average score is 17 of 20

Answer Stats

kmcountrymiles% Correct
1India1
100%
2150China1336
94%
1874Pakistan1165
94%
1955Nepal1215
91%
1464Indonesia910
90%
1628Bangladesh1011
89%
1810Thailand1125
89%
716Maldives445
87%
1629Myanmar1012
87%
2108Bhutan1310
86%
1967Malaysia1222
86%
2646Afghanistan1644
84%
2360Laos1466
84%
2522Vietnam1567
84%
2337Cambodia1452
82%
2494Singapore1550
78%
2570Iran1597
75%
2537Oman1577
69%
2795Yemen1737
64%
2898Saudi Arabia1801
61%

Score Distribution

Percentile by Number Answered

Percent of People with Each Score

Your Score History

You have not taken this quiz